000 00524nam a2200181 i 4500
001 30946
003 ES-MaACL
005 20230906154259.0
007 t|
008 030127s1972 sp ||||1| spa d
100 1 _aBarzel, Uriel S.
_926219
245 1 0 _aOsteoporosis /
_cdirección de Uriel S. Barzel ; versión, A. Jornet Cases.
250 _a1ª ed.
260 _aBarcelona :
_bToray,
_c[1972]
300 _aXVI, 310 p. :
_bil. ;
_c26 cm.
700 1 _aJornet Cases, A.
_966960
852 _aES-MaACL
_jC-43017
_bR.82803
999 _c30946
_d30946